Homenaje ofrecido a Menéndez Pidal : (Record no. 81143)
[ view plain ]
| 000 -LEADER | |
|---|---|
| campo de control de longitud fija | 01738nam a2200277 i 4500 |
| 001 - NÚMERO DE CONTROL | |
| campo de control | 81143 |
| 003 - IDENTIFICADOR DE NÚMERO DE CONTROL | |
| campo de control | ES-MaACL |
| 005 - FECHA Y HORA DE LA ÚLTIMA TRANSACCIÓN | |
| campo de control | 20230906174358.0 |
| 007 - CAMPO FIJO DE DESCRIPCIÓN FÍSICA--INFORMACIÓN GENERAL | |
| campo de control de longitud fija | t| |
| 008 - DATOS DE LONGITUD FIJA--INFORMACIÓN GENERAL | |
| campo de control de longitud fija | 041103s1925 sp af |||| |dmul d |
| 080 ## - NÚMERO DE LA CLASIFICACIÓN DECIMAL UNIVERSAL | |
| Número de la Clasificación Decimal Universal | 082 Menéndez Pidal, Ramón |
| 245 00 - MENCIÓN DEL TÍTULO | |
| Título | Homenaje ofrecido a Menéndez Pidal : |
| Resto del título | miscelánea de estudios lingüísticos, literarios e históricos. |
| 246 3# - FORMA VARIANTE DEL TITULO | |
| Título propio/Titulo breve | Homenaje a Menéndez Pidal |
| 260 ## - PUBLICACIÓN, DISTRIBUCIÓN, ETC. | |
| Lugar de publicación, distribución, etc. | Madrid : |
| Nombre del editor, distribuidor, etc. | Librería y Casa Editorial Hernando, |
| Fecha de publicación, distribución, etc. | 1925. |
| 300 ## - DESCRIPCIÓN FÍSICA | |
| Extensión | 3 v., 1 lám. : |
| Otras características físicas | il. ; |
| Dimensiones | 27 cm. |
| 500 ## - NOTA GENERAL | |
| Nota general | Índices, v. 3: p. [675]-697. |
| 504 ## - NOTA DE BIBLIOGRAFÍA, ETC. | |
| Nota de bibliografía, etc. | Referencias bibliográficas. |
| 505 8# - NOTA DE CONTENIDO CON FORMATO | |
| Nota de contenido con formato | Contiene: 3. La reaparición del "Tirant lo Blanch" de Barcelona de 1497: primera descripción bibliográfica completa / Homero Serís . La librería de Velázquez / F.J. Sánchez Cantón . Sobre los íberos y su lengua / Manuel Gómez-Moreno . La historia del abad Don Juan: (adiciones bibliográficas) / Felipe Morales de Setién . Cuatro notas sobre Cristóbal de Castillejo / J. Domínguez Bordona . Capitulaciones celebradas para el rescate de Abu Omar Muza Benibrahim, Visir del reino de Fez, cautivo en el reino de Aragón (1360) / Pedro Longás . Pronunciación guipuzcoana: contribución al estudio de la fonética vasca / T. Navarro Tomás . Bibliografía de D. Ramón Menéndez Pidal / G. Arteta y Errasti |
| 546 ## - NOTA DE IDIOMA | |
| Nota de lengua/lenguaje | Textos en español, alemán, francés, inglés e italiano. |
| 599 ## - NOTA A LAS ILUSTRACIONES | |
| NOTA A LAS ILUSTRACIONES | Lám.: retr. de Menéndez Pidal, fototipia de Hauser y Menet. |
| 600 14 - PUNTO DE ACCESO ADICIONAL DE MATERIA--NOMBRE DE PERSONA | |
| Nombre de persona | Menéndez Pidal, Ramón, |
| Fechas asociadas al nombre | 1869-1968- |
| Subdivisión de forma | Homenajes |
| 9 (RLIN) | 80316 |
| 700 1# - ENTRADA AGREGADA--NOMBRE PERSONAL | |
| Nombre de persona | Arteta y Errasti, Germán. |
| 9 (RLIN) | 155925 |
| 710 2# - ENTRADA AGREGADA--NOMBRE DE ENTIDAD CORPORATIVA | |
| Nombre de entidad corporativa o nombre de jurisdicción como elemento de entrada | Hauser y Menet (Madrid) |
| 9 (RLIN) | 4558 |
| 852 ## - LOCALIZACIÓN | |
| Ubicación | ES-MaACL |
| Número de control de estantería | A-1589-91 |
| Estatus retirado | Estado de pérdida | Estado de daño | No para préstamo | Biblioteca de origen | Biblioteca actual | Ubicación en estantería | Fecha de adquisición | Fuente de adquisición | Total de préstamos | Signatura topográfica completa | Código de barras | Visto por última vez | Precio de reemplazo | Tipo de ítem Koha |
|---|---|---|---|---|---|---|---|---|---|---|---|---|---|---|
| Biblioteca del Ateneo de Madrid | Biblioteca del Ateneo de Madrid | Sala Pecera Planta 1 | 17/01/2008 | A-1589-91 | 1084823 | 23/02/2023 | 23/02/2023 | Libro impreso |
